00289nam a2200121Ia 4500100002100000250000600021654001600027245006400043260002200107082001800129300000800147546001200155 aKai/ Lai/ Chung  a3 amathematics aElementary Probability Theory with Stochastic Processes bNarosa bookc1974 a658.4034bCHU a325 aENGLISH